| 000 | 01979nam a2200421 c 4500 | ||
|---|---|---|---|
| 003 | BLK | ||
| 005 | 20240711141915.0 | ||
| 008 | 180408b bul|||||r ||||||| ||bul|| | ||
| 010 | _aKNG00089519000 | ||
| 020 |
_a978-954-626-254-7 _bиздат.: Аратрон |
||
| 040 | _aBLK | ||
| 041 |
_aBUL _cBUL |
||
| 080 |
_aПолово възпитание. Хигиена на половия живот - Полови излишества, проституция, полово въздържание _b613.88 _x-055.2(035) _z613.88-055.2(035) |
||
| 100 | 1 |
_aЧиа Мантак _eпърви автор _9365547 |
|
| 700 | 1 |
_aЕйбрамс, Рейчъл Карлтън _eсъавт. _9301621 |
|
| 700 | 1 |
_aСпасова, Маргарита Емилова _eпрев. от англ. _9122607 |
|
| 139 |
_aЧиа Мантак и др. _bЧ 79 |
||
| 245 | 1 | 0 |
_aДаоистка сексуална алхимия за жени _bОткрийте вашето пълноценно желание, удоволствие и жизненост _cЧиа Мантак; съавт. Рейчъл Карлтън Ейбрамс; прев. от англ. Маргарита Емилова Спасова. |
| 257 | _aTHA | ||
| 260 |
_аСофия _bАратрон _c2007 |
||
| 300 |
_a325 с. _bс ил., табл. _c22 см |
||
| 380 | _a61 | ||
| 500 | _aОриг. загл. The Multi-Orgasmic Woman / Mantak Chia and Rachel Carlton Abrams | ||
| 650 | 4 |
_aПолов живот - жени _9266990 |
|
| 650 | 4 |
_aСексология - наръчници и ръководства _9254541 |
|
| 650 | 4 |
_aТаоизъм _9173188 |
|
| 653 | _aполов живот | ||
| 653 | _aжени | ||
| 653 | _aсексология | ||
| 653 | _aнаръчници | ||
| 653 | _aтаоизъм | ||
| 852 | _aЦб 244030 | ||
| 856 | 4 |
_qpdf _u |
|
| 856 | 4 |
_qpdf _u |
|
| 942 |
_cKNG _n0 _01 |
||
| 944 |
_aCR _c15.05.2009 _k30560 _lГеновева Генчева |
||
| 944 |
_aED _c11.06.2009 _k |
||
| 999 |
_c84926 _d84926 |
||